000 01022cam a2200265 i 4500
005 20160118020823.0
008 050307s2001 njuabd r 001 0 eng d
015 _aNNN
020 _a0691021287
040 _aDLC
_cDLC
_dDLC
_dCO-BoPUJ
_dCO-BoIAVH
041 0 _aeng
044 _axxu
082 0 4 _a578.09
_bH87u
100 1 _aHubbell, Stephen P.
_d1942-
245 1 4 _aThe unified neutral theory of biodiversity and biogeography /
_cStephen P. Hubbell.
260 _aPrinceton, New Jersey :
_bPrinceton University,
_c2001.
300 _axiv, 375 páginas :
_bil., gráficas y mapas ;
_c22 cm.
490 0 0 _aMonographs in population biology ;
_v32
504 _aIncluye referencias bibliográficas (P. 347-369) e índice.
650 1 4 _aDiversidad biológica
650 2 4 _aBiogeografía
650 2 4 _aAnimales y plantas
_xDistribución geográfica
856 4 0 _zPara consultar la tabla de contenido presione aquí.
_uhttp://www.loc.gov/catdir/toc/fy02/00051637.html
942 _2ddc
_cLIBRO
999 _c2732
_d2732